00502nam a22001697a 4500003000500000020001800005038001200023082001400035100002900049245006100078260004500139300000900184563000700193942001200200999001900212952010100231NUST a9787119116099 aKhadija a 951bBRO a Brown, William N986529 aOff the wall : how we fell for China /cWilliam N. Brown a Beijingb Foreign Language Pressc 2018 a216p aPB 2ddccBK c587374d587374 00102ddc4070aSMMEbSMMEcGENd2021-12-13l0o 951 BROpSMME-3675r2021-12-13w2021-12-13yBK